| 000 | 00363nam a22001217a 4500 | ||
|---|---|---|---|
| 999 |
_c4765 _d4765 |
||
| 008 | 250320b ||||| |||| 00| 0 eng d | ||
| 020 | _a9780711247031 | ||
| 082 | _a823.92 HOD | ||
| 100 |
_aHodgson,Rob _eAuthor |
||
| 245 | _athe CAVE | ||
| 260 |
_aThe Old Brewery,6 Blundell Street,London N7 9BH,United Kingdom _bFrances Lincoln Children's Books _c2019 |
||
| 942 | _2ddc | ||